|
|
|
|
| LEADER |
00000nam a22000007a 4500 |
| 005 |
20191009231037.0 |
| 007 |
cr|||| ||| |
| 008 |
191009s2019 pt |||||s|||| 00||0 por d |
| 020 |
|
|
|a 9786139782314
|
| 035 |
|
|
|a 30026
|
| 040 |
|
|
|a vLex
|
| 090 |
|
|
|c 9773
|d 9773
|
| 100 |
1 |
|
|a Paula, Catarina
|
| 245 |
1 |
0 |
|a Atuaȯ̂ do sistema de justiȧ criminal no crime no feminino
|h [Recurso electrn̤ico] /
|c Catarina Paula
|
| 256 |
|
|
|a Servicio en ln̕ea
|
| 260 |
|
|
|a Lisboa:
|b Novas Ediė̳s Acadm̊icas,
|c 2019
|
| 300 |
|
|
|a 1 recurso electrn̤ico
|
| 500 |
|
|
|a Progressivamente o papel da mulher na sociedade tem vindo a sofrer alteraė̳s, quebrando o modelo imposto at ̌entô, modelo esse em que os n︢icos papǐs da mulher eram a reproduȯ̂ e a submissô aos homens. A criminalidade feminina tem vindo progressivamente a aumentar e pese embora os desenvolvimentos que este tema tem tido no contexto portugus̊, carecem estudos que se centrem na forma como a mulher ̌percebida e tratada pelo sistema de justiȧ. Assim,esta investigaȯ̂ procurou clarificar quais os fatores que sô considerados pelos atores judiciais aquando do julgamento de crimes praticados por mulheres, analisando de forma mais particular a eventual influn̊cia dos papǐs de gňero estabelecidos socialmente em relaȯ̂ ̉figura feminina.
|
| 506 |
1 |
|
|a Disponible solo en los productos indicados
|d vLex Global
|d vLex Global (Academic Edition, excluding Law Schools)
|d vLex Global (U.S. Academic Edition, Law Schools)
|d vLex Global (U.S. Academic Edition, excluding Law Schools)
|d vLex Global (Academic Edition, Law Schools)
|
| 650 |
0 |
4 |
|a Derecho Penal
|z Portugal
|
| 740 |
0 |
|
|a vLex Libros (Servicio en ln̕ea)
|
| 856 |
4 |
0 |
|u http://vlex.com/source/30026
|z Acceso restringido
|
| 942 |
|
|
|c BOOK
|
| 999 |
0 |
|
|a Criminal law
|